000
00423nam a22001217a 4500
003
SGT
082
_a
370.71,सैनी
100
_a
सैनी रविंदर
245
_a
शिक्षक शिक्षा का परिप्रेक्ष्य
260
_a
दिल्ली
_b
रिनोवा अंतर्राष्ट्रीय प्रकाशन
_c
2025
300
_a
250
942
_2
ddc
_c
BK
999
_c
34217
_d
34217